[Event "12th EUR-ch"]
[Site "Aix-les-Bains FRA"]
[Date "2011.03.24"]
[Round "3.116"]
[White "Beikert, Gunther"]
[Black "Dietmayer-Kraeutler, Marco"]
[Result "1-0"]
[WhiteElo "2465"]
[BlackElo "2251"]
[EventDate "2011.03.22"]
[PlyCount "77"]

1.e4 e5 2.Nf3 Nc6 3.Bc4 Bc5 4.c3 Nf6 5.d3 a6 6.O-O d6 7.Bb3 O-O 8.Re1 b5 
9.Nbd2 Bb7 10.Nf1 Ne7 11.Ng3 Ng6 12.a4 Bb6 13.d4 c5 14.d5 c4 15.Bc2 Nd7 
16.Nf5 Nc5 17.Be3 Ne7 18.g4 g6 19.Ng3 Bc8 20.Nd2 Bd7 21.Bh6 f6 22.Bxf8 
Qxf8 23.axb5 axb5 24.Rxa8 Qxa8 25.Qf3 Kg7 26.h4 Qa2 27.Rb1 Na4 28.Bxa4 
Qxa4 29.Kg2 Qc2 30.Qe2 f5 31.gxf5 gxf5 32.Nxf5+ Bxf5 33.exf5 Nxd5 34.Kh2 
Qxf5 35.Rg1+ Kh6 36.Ne4 Be3 37.fxe3 Qxe4 38.Qf2 Kh5 39.Rg5+ 1-0

[Event "12th EUR-ch"]
[Site "Aix-les-Bains FRA"]
[Date "2011.03.24"]
[Round "3.117"]
[White "Houriez, Clement"]
[Black "Melia, Salome"]
[Result "1/2-1/2"]
[WhiteElo "2252"]
[BlackElo "2462"]
[EventDate "2011.03.22"]
[PlyCount "50"]

1.d4 Nf6 2.c4 e6 3.Nf3 Bb4+ 4.Bd2 Qe7 5.g3 O-O 6.Bg2 Bxd2+ 7.Qxd2 d6 8.Nc3
e5 9.O-O h6 10.h3 e4 11.Ne1 c6 12.d5 c5 13.Nc2 Bf5 14.f4 exf3 15.exf3 Nbd7
16.Rae1 Qd8 17.g4 Bh7 18.f4 a6 19.Ne3 Re8 20.h4 Qa5 21.g5 hxg5 22.hxg5 Nh5
23.Bh3 Qc7 24.Qh2 g6 25.Ng4 Kg7 1/2-1/2

[Event "12th EUR-ch"]
[Site "Aix-les-Bains FRA"]
[Date "2011.03.24"]
[Round "3.118"]
[White "Blubaum, Matthias"]
[Black "Fauland, Alexander"]
[Result "1/2-1/2"]
[WhiteElo "2246"]
[BlackElo "2461"]
[EventDate "2011.03.22"]
[PlyCount "82"]

1.d4 Nf6 2.c4 e6 3.Nc3 Bb4 4.Qc2 O-O 5.a3 Bxc3+ 6.Qxc3 d6 7.Bg5 Nbd7 8.e3 
b6 9.Ne2 Bb7 10.Qd3 h6 11.Bh4 Be4 12.Qd2 e5 13.Nc3 Re8 14.dxe5 Rxe5 15.
Nxe4 Rxe4 16.Bg3 Nc5 17.Qc2 a5 18.Be2 Re6 19.b3 Nfe4 20.Bg4 Qf6 21.O-O Re7
22.Bf3 Rae8 23.b4 Nd7 24.Bxe4 Rxe4 25.Qa4 Qe6 26.Rac1 Ra8 27.Rfd1 Qe8 28.
Qc6 Ra7 29.h3 axb4 30.axb4 Nf6 31.Qxe8+ Rxe8 32.c5 bxc5 33.bxc5 d5 34.c6 
Re6 35.Rd3 Kf8 36.Rb3 Ne8 37.Rb8 Ke7 38.Rc8 Nd6 39.Bxd6+ Rxd6 40.Kh2 Re6 
41.Kg3 Rg6+ 1/2-1/2

[Event "12th EUR-ch"]
[Site "Aix-les-Bains FRA"]
[Date "2011.03.24"]
[Round "3.119"]
[White "Delorme, Axel"]
[Black "Jadrijevic, Ante"]
[Result "1-0"]
[WhiteElo "2458"]
[BlackElo "2247"]
[EventDate "2011.03.22"]
[PlyCount "65"]

1.d4 d5 2.c4 c6 3.Nc3 Nf6 4.e3 e6 5.Nf3 Nbd7 6.Qc2 Bd6 7.Bd3 O-O 8.O-O 
dxc4 9.Bxc4 b5 10.Be2 Bb7 11.Rd1 Qe7 12.Ng5 Rac8 13.e4 e5 14.dxe5 Nxe5 15.
f4 Bc5+ 16.Kh1 Nfg4 17.Nh3 Ne3 18.Bxe3 Bxe3 19.fxe5 b4 20.Rd3 Qc5 21.Qb3 
Bh6 22.Na4 Qxe5 23.Rd7 Rb8 24.Rf1 Qe8 25.Nc5 Bc8 26.Rxa7 Bxh3 27.Qxh3 Qe5 
28.Qf5 Qxf5 29.exf5 Be3 30.Ra5 Rfe8 31.Bc4 h6 32.Nd3 Bd4 33.Ra4 1-0

[Event "12th EUR-ch"]
[Site "Aix-les-Bains FRA"]
[Date "2011.03.24"]
[Round "3.120"]
[White "Chapman, Terry"]
[Black "Dembo, Yelena"]
[Result "1/2-1/2"]
[WhiteElo "2242"]
[BlackElo "2457"]
[EventDate "2011.03.22"]
[PlyCount "37"]

1.Nf3 Nf6 2.c4 g6 3.g3 Bg7 4.Bg2 O-O 5.O-O d6 6.d4 Nc6 7.Nc3 Bf5 8.d5 Na5 
9.Nd4 Bd7 10.b3 c5 11.dxc6 Nxc6 12.Bb2 Rc8 13.Nc2 Ne8 14.Rb1 Qa5 15.Qd2 
Qh5 16.Nd5 Bxb2 17.Rxb2 Be6 18.Ncb4 Bxd5 19.Nxd5 1/2-1/2

[Event "12th EUR-ch"]
[Site "Aix-les-Bains FRA"]
[Date "2011.03.24"]
[Round "3.121"]
[White "Van Kampen, Robin"]
[Black "Villegas, Pierre"]
[Result "1-0"]
[WhiteElo "2456"]
[BlackElo "2246"]
[EventDate "2011.03.22"]
[PlyCount "53"]

1.e4 c6 2.d4 d5 3.e5 Bf5 4.Nd2 e6 5.Nb3 Nd7 6.Nf3 a6 7.Be2 c5 8.dxc5 Bxc5 
9.O-O Ne7 10.Nxc5 Nxc5 11.Be3 Rc8 12.c4 dxc4 13.Qxd8+ Kxd8 14.Bxc4 Nd7 15.
b3 Ke8 16.Rac1 Be4 17.Nd2 Bc6 18.f4 Nf5 19.Bf2 g5 20.fxg5 Nxe5 21.Rfe1 
Nxc4 22.Nxc4 Rg8 23.h4 Rd8 24.Ne5 Ne7 25.Rc2 Rd5 26.Ng4 Rf5 27.Nh6 1-0

[Event "12th EUR-ch"]
[Site "Aix-les-Bains FRA"]
[Date "2011.03.24"]
[Round "3.122"]
[White "Sahitaj, Naim"]
[Black "Berbatov, Kiprian"]
[Result "0-1"]
[WhiteElo "2235"]
[BlackElo "2454"]
[EventDate "2011.03.22"]
[PlyCount "36"]

1.Nf3 Nf6 2.b3 g6 3.Bb2 Bg7 4.e4 d6 5.Qe2 O-O 6.d4 c5 7.Nbd2 Nc6 8.O-O-O 
cxd4 9.Nxd4 Bd7 10.Nxc6 Bxc6 11.g4 Qa5 12.f3 Qxa2 13.h4 Rfc8 14.h5 Bxe4 
15.Nxe4 Nxe4 16.Bxg7 Nc5 17.Rd3 Nxd3+ 18.Qxd3 Kxg7 0-1

[Event "12th EUR-ch"]
[Site "Aix-les-Bains FRA"]
[Date "2011.03.24"]
[Round "3.123"]
[White "Joie, Sebastien"]
[Black "Schroll, Gerhard"]
[Result "0-1"]
[WhiteElo "2231"]
[BlackElo "2449"]
[EventDate "2011.03.22"]
[PlyCount "82"]

1.Nf3 d6 2.d4 Bg4 3.e4 Nd7 4.c4 e5 5.Be2 Be7 6.Ng1 Bxe2 7.Nxe2 Ngf6 8.Nbc3
O-O 9.Ng3 Re8 10.d5 g6 11.h4 h5 12.Bg5 Nf8 13.Qe2 N8h7 14.Rd1 Qd7 15.Bc1 
c6 16.Rh3 cxd5 17.cxd5 Rab8 18.a4 a6 19.b4 Rec8 20.Nf1 Rc7 21.Bb2 Rbc8 22.
Nd2 Qd8 23.Rd3 Nd7 24.g3 Nb6 25.Rc1 Nxa4 26.Ba1 Nf6 27.Qd1 Qd7 28.Kf1 Bf8 
29.Kg2 Bh6 30.f4 Ng4 31.Qf3 Nxc3 32.Rdxc3 Rxc3 33.Rxc3 Rxc3 34.Qxc3 Qb5 
35.Kf3 Qb6 36.Ke2 Qf2+ 37.Kd3 Qxg3+ 38.Kc2 Qxc3+ 39.Bxc3 Bxf4 40.b5 Bxd2 
41.bxa6 bxa6 0-1

[Event "12th EUR-ch"]
[Site "Aix-les-Bains FRA"]
[Date "2011.03.24"]
[Round "3.124"]
[White "Moal, Alain"]
[Black "Kurmann, Oliver"]
[Result "1-0"]
[WhiteElo "2224"]
[BlackElo "2446"]
[EventDate "2011.03.22"]
[PlyCount "69"]

1.e4 c5 2.Nf3 e6 3.d4 cxd4 4.Nxd4 Nc6 5.Nc3 a6 6.Nxc6 bxc6 7.Bd3 d5 8.O-O 
Nf6 9.Qe2 Be7 10.b3 O-O 11.Bb2 Bb7 12.Rad1 Qc7 13.Na4 Rfd8 14.e5 Nd7 15.c4
dxc4 16.Bxc4 a5 17.Bd4 c5 18.Bc3 Bc6 19.Bb5 Bd5 20.f4 g6 21.Rd2 Qb7 22.
Rfd1 Rdb8 23.Bc4 Bc6 24.Qg4 Nb6 25.Nxb6 Qxb6 26.Bxe6 fxe6 27.Qxe6+ Kf8 28.
Rd6 Ra6 29.f5 g5 30.Qh6+ Kg8 31.f6 Bf8 32.Qxg5+ Kh8 33.e6 c4+ 34.Bd4 h6 
35.Qg4 1-0

[Event "12th EUR-ch"]
[Site "Aix-les-Bains FRA"]
[Date "2011.03.24"]
[Round "3.125"]
[White "Gutov, Andrey"]
[Black "Deleva, Michael"]
[Result "0-1"]
[WhiteElo "2445"]
[BlackElo "2236"]
[EventDate "2011.03.22"]
[PlyCount "60"]

1.c4 c6 2.Nf3 Nf6 3.Nc3 d5 4.e3 e6 5.d4 a6 6.b3 Bb4 7.Bd2 Bd6 8.Bd3 c5 9.
O-O O-O 10.Qe2 Nc6 11.Rfd1 Qe7 12.dxc5 Bxc5 13.e4 dxc4 14.bxc4 Ng4 15.Be1 
Qc7 16.g3 Bd7 17.Bc2 Rad8 18.Rab1 Nge5 19.Nxe5 Qxe5 20.Qg4 Nd4 21.Bd3 f5 
22.Qf4 Bc6 23.Kf1 Qxf4 24.gxf4 Nf3 25.Ke2 Nxe1 26.Rxe1 Bxf2 27.Rec1 Bd4 
28.e5 g5 29.fxg5 Bxe5 30.h4 Bd4 0-1

[Event "12th EUR-ch"]
[Site "Aix-les-Bains FRA"]
[Date "2011.03.24"]
[Round "3.126"]
[White "Pogosian, Vladimir"]
[Black "Zhukova, Natalia"]
[Result "0-1"]
[WhiteElo "2222"]
[BlackElo "2443"]
[EventDate "2011.03.22"]
[PlyCount "69"]

1.e4 Nf6 2.d3 d5 3.Nd2 e5 4.Ngf3 Nc6 5.Be2 Bc5 6.c3 a5 7.O-O O-O 8.b3 Qe7 
9.a3 Rd8 10.Qc2 d4 11.c4 Nh5 12.Re1 Nf4 13.Nf1 Ra6 14.Ng3 Bg4 15.h3 Bd7 
16.Nh2 g6 17.Bg4 Be8 18.Ne2 h5 19.Bf3 Ne6 20.g3 Ng5 21.Bg2 Bd7 22.h4 Nh3+ 
23.Kf1 Rb8 24.Ng1 Nxg1 25.Kxg1 b5 26.f4 bxc4 27.bxc4 exf4 28.Bxf4 Bxa3 29.
Bxc7 Rc8 30.Bf4 Bb4 31.Rf1 Be6 32.Bg5 Qc7 33.Bf4 Qa7 34.Qf2 Bd7 35.Nf3 0-1

[Event "12th EUR-ch"]
[Site "Aix-les-Bains FRA"]
[Date "2011.03.24"]
[Round "3.127"]
[White "Aloma Vidal, Robert"]
[Black "Frick, Christoph"]
[Result "1-0"]
[WhiteElo "2434"]
[BlackElo "2226"]
[EventDate "2011.03.22"]
[PlyCount "63"]

1.d4 g6 2.c4 Bg7 3.Nc3 d6 4.e4 Nc6 5.Nge2 e5 6.d5 Nce7 7.h4 Nf6 8.Ng3 h5 
9.Be2 Nd7 10.Bg5 f6 11.Be3 Ng8 12.O-O Nh6 13.b4 Nf8 14.f3 f5 15.exf5 Nxf5 
16.Nxf5 gxf5 17.Bg5 Bf6 18.f4 exf4 19.Bxh5+ Kd7 20.Re1 Bxg5 21.Be8+ Qxe8 
22.Qa4+ c6 23.dxc6+ bxc6 24.Rxe8 Bf6 25.Rae1 Rxh4 26.Kf2 Ng6 27.Nd5 Bd4+ 
28.Ke2 Bb7 29.Rxa8 Bxa8 30.c5 Rh7 31.Qxa7+ Kc8 32.Nb6+ 1-0

[Event "12th EUR-ch"]
[Site "Aix-les-Bains FRA"]
[Date "2011.03.24"]
[Round "3.128"]
[White "Potapov, Alexander"]
[Black "Naudier, Serge"]
[Result "0-1"]
[WhiteElo "2425"]
[BlackElo "2223"]
[EventDate "2011.03.22"]
[PlyCount "50"]

1.d4 Nf6 2.c4 c6 3.Nc3 d5 4.e3 e6 5.Nf3 Nbd7 6.Bd3 Bd6 7.O-O O-O 8.e4 dxc4
9.Bxc4 e5 10.a3 Qe7 11.Re1 exd4 12.Nxd4 Ne5 13.Bf1 Nfg4 14.h3 Nxf2 15.Kxf2
Bc5 16.Be3 Rd8 17.b4 Qf6+ 18.Ke2 b6 19.b5 Bxh3 20.Qa4 Bg4+ 21.Kd2 Bxd4 22.
Bxd4 Qf2+ 23.Ne2 Bxe2 24.Rxe2 Rxd4+ 25.Kc3 Qg3+ 0-1

[Event "12th EUR-ch"]
[Site "Aix-les-Bains FRA"]
[Date "2011.03.24"]
[Round "3.129"]
[White "Wagner, Dennis"]
[Black "Smirnov, Artem"]
[Result "0-1"]
[WhiteElo "2214"]
[BlackElo "2425"]
[EventDate "2011.03.22"]
[PlyCount "94"]

1.d4 Nf6 2.c4 e6 3.g3 Bb4+ 4.Bd2 a5 5.Bg2 d6 6.Nf3 Nbd7 7.O-O e5 8.Bxb4 
axb4 9.Qb3 exd4 10.Nxd4 O-O 11.Nc2 Re8 12.Re1 c5 13.a3 bxa3 14.Rxa3 Rxa3 
15.Nbxa3 Ne5 16.Nb5 Be6 17.Ne3 Qe7 18.Rd1 Rd8 19.Qa4 h5 20.b3 Nfg4 21.Nxg4
Bxg4 22.Rd2 Nf3+ 23.Bxf3 Bxf3 24.Qa5 Bc6 25.Nc3 Re8 26.Qa1 Qe5 27.Rd3 Re6 
28.Re3 Qd4 29.Rd3 Qf6 30.Qc1 h4 31.Qf4 Qxf4 32.gxf4 Rg6+ 33.Kf1 Bg2+ 34.
Ke1 Bh1 35.Nb5 Rg1+ 36.Kd2 Rg2 37.Rh3 Rg4 38.Nxd6 Rxf4 39.Ke3 g5 40.Kd2 
Rxf2 41.Ke1 Rf6 42.Rd3 Bg2 43.Kd2 g4 44.Ne8 Rf1 45.Rd8 Kh7 46.Rc8 Bc6 47.
Nd6 g3 0-1

[Event "12th EUR-ch"]
[Site "Aix-les-Bains FRA"]
[Date "2011.03.24"]
[Round "3.130"]
[White "Erdogdu, Mert"]
[Black "Donchenko, Alexander"]
[Result "1/2-1/2"]
[WhiteElo "2423"]
[BlackElo "2216"]
[EventDate "2011.03.22"]
[PlyCount "116"]

1.e4 c5 2.Nf3 d6 3.d4 cxd4 4.Nxd4 Nf6 5.Nc3 a6 6.Be3 e5 7.Nb3 Be7 8.f3 Be6
9.Qd2 O-O 10.O-O-O a5 11.Kb1 a4 12.Nc1 Nbd7 13.a3 Nb6 14.Qf2 Nc4 15.Bxc4 
Bxc4 16.Nd3 Qc8 17.Nb4 Qe6 18.Rd2 Rfc8 19.Rhd1 Ne8 20.Ncd5 Bd8 21.Bb6 Bg5 
22.Be3 Bd8 23.g4 Ba5 24.Nb6 Bxb4 25.axb4 a3 26.Nxa8 Ba2+ 27.Ka1 axb2+ 28.
Kxb2 Qc4 29.Rd3 Rxa8 30.Ra1 Qxb4+ 31.Rb3 Bxb3 32.Rxa8 Ba4+ 33.Kc1 Kf8 34.
Kd1 Ke7 35.Qd2 Qc4 36.Kc1 Nc7 37.Ra7 Bc6 38.Qd3 Qb4 39.Bd2 Qc5 40.Qe3 Qc4 
41.Ra3 Ne6 42.Qd3 Qc5 43.Be3 Qb4 44.Qc3 Qb5 45.Qd3 Qb4 46.Rb3 Qa5 47.Kb2 
f6 48.Qc3 Qa6 49.Qd3 Qa5 50.Bd2 Qa4 51.Be3 Qa5 52.h4 Qe1 53.h5 h6 54.Ra3 
Qb4+ 55.Rb3 Qa5 56.Bd2 Qa4 57.Be3 Qa5 58.Ra3 Qb4+ 1/2-1/2

[Event "12th EUR-ch"]
[Site "Aix-les-Bains FRA"]
[Date "2011.03.25"]
[Round "4.1"]
[White "Moiseenko, Alexander"]
[Black "Parligras, Mircea-Emilian"]
[Result "1/2-1/2"]
[WhiteElo "2673"]
[BlackElo "2598"]
[EventDate "2011.03.22"]
[PlyCount "61"]

1.d4 Nf6 2.c4 e6 3.Nf3 b6 4.g3 Bb7 5.Bg2 Be7 6.O-O O-O 7.Re1 a5 8.Bg5 Ne4 
9.Nfd2 f5 10.Nxe4 fxe4 11.Bf4 d5 12.Bh3 Rf6 13.Nc3 Kh8 14.e3 c6 15.Rc1 Nd7
16.Qh5 Ba6 17.b3 Rc8 18.cxd5 cxd5 19.Nxd5 exd5 20.Qxd5 Nf8 21.Qxe4 Rxc1 
22.Rxc1 Ng6 23.Bg5 Rf8 24.Bxe7 Nxe7 25.Bf1 Bxf1 26.Kxf1 Nd5 27.Kg1 Re8 28.
Qf5 Rf8 29.Qe6 Re8 30.Qg4 Nf6 31.Qg5 1/2-1/2

[Event "12th EUR-ch"]
[Site "Aix-les-Bains FRA"]
[Date "2011.03.25"]
[Round "4.2"]
[White "Guseinov, Gadir"]
[Black "Nisipeanu, Liviu-Dieter"]
[Result "1/2-1/2"]
[WhiteElo "2584"]
[BlackElo "2673"]
[EventDate "2011.03.22"]
[PlyCount "22"]

1.e4 c5 2.Nf3 e6 3.d4 cxd4 4.Nxd4 a6 5.Nc3 b5 6.Bd3 Bb7 7.O-O Nc6 8.Nxc6 
Bxc6 9.Re1 Bc5 10.Be3 Bxe3 11.Rxe3 Ne7 1/2-1/2

[Event "12th EUR-ch"]
[Site "Aix-les-Bains FRA"]
[Date "2011.03.25"]
[Round "4.3"]
[White "Ter-Sahakyan, Samvel"]
[Black "Potkin, Vladimir"]
[Result "0-1"]
[WhiteElo "2575"]
[BlackElo "2653"]
[EventDate "2011.03.22"]
[PlyCount "68"]

1.e4 c5 2.Nf3 e6 3.d4 cxd4 4.Nxd4 Nc6 5.Nc3 Qc7 6.Be3 a6 7.Qd2 Nf6 8.O-O-O
Bb4 9.f3 Ne5 10.Nb3 b5 11.Qe1 Be7 12.f4 Ng6 13.e5 Ng4 14.Ne4 Nxe3 15.Qxe3 
O-O 16.h4 Bb7 17.h5 Rac8 18.Bd3 Nxe5 19.fxe5 Qxe5 20.Nbd2 f5 21.Nf3 Qc7 
22.Neg5 Bd5 23.Nh4 Qc5 24.Qd2 Bf6 25.a3 b4 26.axb4 Qd4 27.c3 Bxg5 28.Qxg5 
Rxc3+ 29.Bc2 Rxc2+ 30.Kxc2 Rc8+ 31.Kb1 Be4+ 32.Ka1 Qxb4 33.Qe3 Rc5 34.Rd3 
Rb5 0-1

[Event "12th EUR-ch"]
[Site "Aix-les-Bains FRA"]
[Date "2011.03.25"]
[Round "4.4"]
[White "Zhigalko, Andrey"]
[Black "Iordachescu, Viorel"]
[Result "1/2-1/2"]
[WhiteElo "2571"]
[BlackElo "2626"]
[EventDate "2011.03.22"]
[PlyCount "43"]

1.d4 Nf6 2.c4 e6 3.Nc3 Bb4 4.e3 O-O 5.Bd3 d5 6.Nf3 c5 7.O-O dxc4 8.Bxc4 
Qe7 9.a3 Ba5 10.Na4 cxd4 11.exd4 h6 12.Qe2 Rd8 13.Rd1 Nc6 14.Bf4 Nd5 15.
Bg3 Qf8 16.Rac1 Nb6 17.Nxb6 Bxb6 18.d5 exd5 19.Bxd5 Nd4 20.Nxd4 Rxd5 21.
Nb5 Be6 22.Nc7 1/2-1/2

[Event "12th EUR-ch"]
[Site "Aix-les-Bains FRA"]
[Date "2011.03.25"]
[Round "4.5"]
[White "Kovchan, Alexander"]
[Black "Savchenko, Boris"]
[Result "0-1"]
[WhiteElo "2563"]
[BlackElo "2616"]
[EventDate "2011.03.22"]
[PlyCount "62"]

1.e4 e6 2.d4 d5 3.Nc3 Bb4 4.e5 Ne7 5.a3 Bxc3+ 6.bxc3 c5 7.Qg4 O-O 8.Bd3 
Nbc6 9.Qh5 Ng6 10.Nf3 Nce7 11.dxc5 b6 12.Ng5 h6 13.Nf3 bxc5 14.g4 c4 15.
Be2 Qa5 16.Ra2 Qb6 17.Ra1 Qa5 18.Ra2 d4 19.g5 d3 20.Bd1 hxg5 21.Bxg5 Nf5 
22.O-O Bb7 23.Re1 Rac8 24.Bd2 Rfd8 25.Rb2 Ba8 26.cxd3 Rxd3 27.Be2 Qd5 28.
Bxd3 cxd3 29.c4 Qxf3 30.Qxf3 Bxf3 31.c5 Rxc5 0-1

[Event "12th EUR-ch"]
[Site "Aix-les-Bains FRA"]
[Date "2011.03.25"]
[Round "4.6"]
[White "Vaisser, Anatoly"]
[Black "Ragger, Markus"]
[Result "1/2-1/2"]
[WhiteElo "2522"]
[BlackElo "2614"]
[EventDate "2011.03.22"]
[PlyCount "33"]

1.d4 d5 2.c4 e6 3.Nc3 c6 4.e3 Nf6 5.Nf3 Nbd7 6.Qc2 Bd6 7.Bd3 O-O 8.O-O 
dxc4 9.Bxc4 b5 10.Be2 Bb7 11.Ng5 a6 12.Nce4 Be7 13.Bf3 Qb6 14.Nxf6+ Nxf6 
15.Bd2 a5 16.Rfc1 Rfc8 17.Ne4 1/2-1/2

[Event "12th EUR-ch"]
[Site "Aix-les-Bains FRA"]
[Date "2011.03.25"]
[Round "4.7"]
[White "Azarov, Sergei"]
[Black "Wojtaszek, Radoslaw"]
[Result "1/2-1/2"]
[WhiteElo "2615"]
[BlackElo "2711"]
[EventDate "2011.03.22"]
[PlyCount "53"]

1.e4 c5 2.Nf3 d6 3.d4 cxd4 4.Nxd4 Nf6 5.Nc3 a6 6.Be2 e5 7.Nb3 Be7 8.O-O 
O-O 9.Kh1 Nc6 10.f3 a5 11.Bb5 Na7 12.Bd3 Nc6 13.Be3 Be6 14.Bb5 Na7 15.Be2 
Nc6 16.Nd5 a4 17.Nc1 Bxd5 18.exd5 Nd4 19.Bxd4 exd4 20.Qxd4 Qa5 21.Rd1 Nd7 
22.Rb1 Bf6 23.Qf2 Rfc8 24.Bd3 a3 25.b3 g6 26.c4 Qb4 27.Bf1 1/2-1/2

[Event "12th EUR-ch"]
[Site "Aix-les-Bains FRA"]
[Date "2011.03.25"]
[Round "4.8"]
[White "Stevic, Hrvoje"]
[Black "Vallejo Pons, Francisco"]
[Result "1/2-1/2"]
[WhiteElo "2611"]
[BlackElo "2707"]
[EventDate "2011.03.22"]
[PlyCount "70"]

1.e4 e6 2.d4 d5 3.exd5 exd5 4.Nf3 Nf6 5.Bd3 c5 6.O-O c4 7.Re1+ Be7 8.Bf1 
O-O 9.Bg5 Be6 10.Ne5 Nc6 11.Nc3 Rc8 12.Ne2 h6 13.Bh4 g5 14.Bg3 Ne4 15.c3 
Bf6 16.Nxc6 bxc6 17.f3 Nxg3 18.Nxg3 c5 19.Ne2 Qb6 20.Qd2 Rb8 21.b3 Rfc8 
22.bxc4 dxc4 23.Qe3 Bf5 24.dxc5 Rxc5 25.Ng3 Bg6 26.Ne4 Bxe4 27.fxe4 Rb5 
28.Qxb6 R8xb6 29.Rac1 Rc5 30.Rc2 Rd6 31.g3 a5 32.Rb1 Re6 33.Bg2 Rd6 34.Bf1
Re6 35.Bg2 Rd6 1/2-1/2

[Event "12th EUR-ch"]
[Site "Aix-les-Bains FRA"]
[Date "2011.03.25"]
[Round "4.9"]
[White "Sutovsky, Emil"]
[Black "Grigoryan, Avetik"]
[Result "1-0"]
[WhiteElo "2692"]
[BlackElo "2608"]
[EventDate "2011.03.22"]
[PlyCount "95"]

1.e4 e5 2.Nf3 Nc6 3.Bb5 Nf6 4.O-O Nxe4 5.d4 Nd6 6.Bxc6 dxc6 7.dxe5 Nf5 8.
Qxd8+ Kxd8 9.h3 Ke8 10.Nc3 h5 11.Bg5 Be7 12.Rad1 Be6 13.b3 Rd8 14.Rxd8+ 
Kxd8 15.Rd1+ Ke8 16.Bc1 Nh4 17.Nxh4 Bxh4 18.Be3 Bf5 19.Rd2 Be7 20.Ne2 a6 
21.Nd4 Bc8 22.Nf3 Bf5 23.Bg5 Bxg5 24.Nxg5 Ke7 25.f4 a5 26.Nf3 c5 27.Nh4 
Bd7 28.f5 Rh6 29.Rd3 Rb6 30.Rg3 Rb4 31.c4 Kf8 32.Rg5 a4 33.Rxh5 Kg8 34.Rg5
Rxb3 35.e6 Rb1+ 36.Kh2 Be8 37.f6 g6 38.e7 c6 39.Nf5 Rd1 40.Ng7 Bd7 41.Re5 
Rd6 42.e8=Q+ Bxe8 43.Nxe8 Rd8 44.Nc7 Rc8 45.Re7 Kf8 46.h4 Rb8 47.a3 b5 48.
Na6 1-0

[Event "12th EUR-ch"]
[Site "Aix-les-Bains FRA"]
[Date "2011.03.25"]
[Round "4.11"]
[White "Balogh, Csaba"]
[Black "Naiditsch, Arkadij"]
[Result "1/2-1/2"]
[WhiteElo "2601"]
[BlackElo "2684"]
[EventDate "2011.03.22"]
[PlyCount "125"]

1.e4 e5 2.Nf3 Nc6 3.Bb5 Nf6 4.d3 Bc5 5.c3 O-O 6.Bxc6 bxc6 7.Nxe5 d5 8.d4 
Bb6 9.O-O dxe4 10.Bg5 c5 11.Nd2 Bb7 12.dxc5 Bxc5 13.Nb3 Bb6 14.c4 Qd6 15.
Qxd6 cxd6 16.Bxf6 gxf6 17.Ng4 Rfc8 18.Rac1 Kf8 19.Ne3 Ba6 20.Nd2 Bd4 21.b3
Bb7 22.Rfd1 Bc5 23.Ndf1 a5 24.Ng3 Ra6 25.Ngf5 Re8 26.g4 Bc8 27.Kg2 Bxf5 
28.Nxf5 a4 29.Rc2 axb3 30.axb3 Rb6 31.Rc3 Ra6 32.Rc2 Rb6 33.Rb1 h5 34.h3 
hxg4 35.hxg4 Reb8 36.Rc3 Ke8 37.Rb2 Kd7 38.Kg3 Rb4 39.Kf4 d5 40.Rd2 Rxb3 
41.Rxb3 Rxb3 42.Rxd5+ Kc6 43.Kxe4 Bxf2 44.Rd6+ Kc5 45.Rxf6 Rb7 46.Kf3 Be1 
47.Ne3 Bd2 48.Rf5+ Kb4 49.c5 Kb5 50.Nc2 Rc7 51.Ke4 Kc4 52.Ne3+ Kb5 53.Nd5 
Rxc5 54.Kd4 Rc1 55.Kd3 Ba5 56.Ne3+ Rc5 57.Rxf7 Kc6 58.Nf5 Kd5 59.g5 Ke6 
60.Rf6+ Ke5 61.Ne3 Rc3+ 62.Ke2 Bd8 63.Ng4+ 1/2-1/2

[Event "12th EUR-ch"]
[Site "Aix-les-Bains FRA"]
[Date "2011.03.25"]
[Round "4.12"]
[White "Riazantsev, Alexander"]
[Black "Nikolic, Predrag"]
[Result "1/2-1/2"]
[WhiteElo "2679"]
[BlackElo "2596"]
[EventDate "2011.03.22"]
[PlyCount "31"]

1.d4 d5 2.c4 dxc4 3.e4 Nc6 4.Be3 Nf6 5.Nc3 e5 6.d5 Ne7 7.Bxc4 Ng6 8.f3 a6 
9.Qd2 Bd6 10.Nge2 O-O 11.Ng3 Bd7 12.Nf5 Bxf5 13.exf5 Ne7 14.g4 Bb4 15.
O-O-O Qd6 16.g5 1/2-1/2

[Event "12th EUR-ch"]
[Site "Aix-les-Bains FRA"]
[Date "2011.03.25"]
[Round "4.13"]
[White "Reinderman, Dimitri"]
[Black "Rublevsky, Sergei"]
[Result "1-0"]
[WhiteElo "2601"]
[BlackElo "2678"]
[EventDate "2011.03.22"]
[PlyCount "86"]

1.c4 e5 2.Nc3 Nf6 3.Nf3 Nc6 4.g3 Bb4 5.Nd5 Bc5 6.Bg2 d6 7.O-O Nxd5 8.cxd5 
Nd4 9.Nxd4 Bxd4 10.e3 Bb6 11.a4 a5 12.d3 O-O 13.Bd2 Bd7 14.Qc2 c6 15.Qb3 
Rb8 16.f4 Bc5 17.Rac1 Qe7 18.Kh1 cxd5 19.Bxd5 Bc6 20.e4 exf4 21.Rxf4 Bxd5 
22.Qxd5 Qe6 23.Qxe6 fxe6 24.Rxf8+ Kxf8 25.Bxa5 Ra8 26.Rf1+ Ke7 27.Bc3 Rxa4
28.Bxg7 Bd4 29.Bxd4 Rxd4 30.Rd1 Kf6 31.Kg2 Rb4 32.Rd2 Ke5 33.Kf3 Kd4 34.g4
d5 35.g5 e5 36.h4 Rb3 37.exd5 e4+ 38.Kf4 exd3 39.h5 Kxd5 40.g6 hxg6 41.h6 
Rb4+ 42.Kg5 Ke4 43.h7 b6 1-0

[Event "12th EUR-ch"]
[Site "Aix-les-Bains FRA"]
[Date "2011.03.25"]
[Round "4.14"]
[White "Motylev, Alexander"]
[Black "Melkumyan, Hrant"]
[Result "1/2-1/2"]
[WhiteElo "2677"]
[BlackElo "2593"]
[EventDate "2011.03.22"]
[PlyCount "96"]

1.e4 e5 2.Nf3 Nc6 3.Bb5 a6 4.Ba4 Nf6 5.O-O Be7 6.Re1 b5 7.Bb3 O-O 8.a3 d6 
9.c3 Be6 10.d4 Bxb3 11.Qxb3 exd4 12.cxd4 Na5 13.Qc2 c5 14.dxc5 dxc5 15.Bg5
Nd7 16.Bf4 c4 17.Nc3 Nc5 18.Nd5 Rc8 19.Rad1 Re8 20.Nc7 Nd3 21.Nxe8 Qxe8 
22.Rxd3 cxd3 23.Qxd3 Nc4 24.Qe2 Qd7 25.Rd1 Qg4 26.Bg3 Re8 27.a4 Bf8 28.e5 
f6 29.h3 Qe6 30.axb5 axb5 31.b3 Nxe5 32.Nxe5 fxe5 33.Qxb5 e4 34.Kh2 Rc8 
35.Rd4 h6 36.b4 e3 37.fxe3 Qxe3 38.Qd5+ Kh8 39.Re4 Qb6 40.Qd4 Qxd4 41.Rxd4
Kg8 42.b5 Rc3 43.Rd8 Kf7 44.Bd6 Bxd6+ 45.Rxd6 Rb3 46.b6 h5 47.h4 g5 48.
hxg5 Rxb6 1/2-1/2

[Event "12th EUR-ch"]
[Site "Aix-les-Bains FRA"]
[Date "2011.03.25"]
[Round "4.15"]
[White "Pelletier, Yannick"]
[Black "Volokitin, Andrei"]
[Result "0-1"]
[WhiteElo "2593"]
[BlackElo "2677"]
[EventDate "2011.03.22"]
[PlyCount "74"]

1.d4 Nf6 2.c4 e6 3.Nf3 d5 4.g3 Bb4+ 5.Bd2 Be7 6.Bg2 O-O 7.O-O c6 8.Qc2 b6 
9.Rd1 Nbd7 10.Bf4 Bb7 11.Ne5 Nh5 12.Bc1 Nhf6 13.Bf4 Nh5 14.Bc1 Nhf6 15.Nc3
Nxe5 16.dxe5 Ng4 17.cxd5 cxd5 18.Qa4 Nxe5 19.e4 Bc6 20.Qa6 d4 21.Ne2 Bc5 
22.Bf4 Ng6 23.b4 Nxf4 24.gxf4 Bxb4 25.Nxd4 Qc8 26.Qe2 Ba4 27.Nb3 Qc7 28.e5
Rad8 29.Qe4 a5 30.Bf3 g6 31.Rxd8 Rxd8 32.Rc1 Qe7 33.Nd4 Qh4 34.Ne2 Bb5 35.
Ng3 Bd3 36.Qe3 Bc5 37.Qd2 Ba6 0-1

[Event "12th EUR-ch"]
[Site "Aix-les-Bains FRA"]
[Date "2011.03.25"]
[Round "4.16"]
[White "Grachev, Boris"]
[Black "Palac, Mladen"]
[Result "1-0"]
[WhiteElo "2675"]
[BlackElo "2586"]
[EventDate "2011.03.22"]
[PlyCount "91"]

1.d4 Nf6 2.c4 e6 3.Nf3 d5 4.g3 Bb4+ 5.Bd2 Bd6 6.Bg2 c6 7.b3 Nbd7 8.Nc3 
dxc4 9.bxc4 e5 10.e3 exd4 11.exd4 Be7 12.O-O Nb6 13.c5 Nbd5 14.Nxd5 Nxd5 
15.Rb1 O-O 16.Qa4 Bf6 17.Rfe1 Re8 18.Ne5 Bxe5 19.dxe5 Qe7 20.Qc2 Be6 21.
Be4 g6 22.h4 Qd7 23.Bg5 Rac8 24.Qc1 Bf5 25.Bf6 Nxf6 26.exf6 Qe6 27.Bxf5 
Qxf5 28.Qg5 Rxe1+ 29.Rxe1 Qxg5 30.hxg5 b6 31.Re7 bxc5 32.Kf1 Rf8 33.g4 c4 
34.Ke2 Rd8 35.Rxa7 h6 36.gxh6 c3 37.Ra3 Rd2+ 38.Ke3 g5 39.Rxc3 Rxa2 40.Rc5
Ra3+ 41.Ke2 Kh7 42.Rxg5 Kxh6 43.Rg7 Ra7 44.Kf3 Rb7 45.Kg3 c5 46.Kf4 1-0

[Event "12th EUR-ch"]
[Site "Aix-les-Bains FRA"]
[Date "2011.03.25"]
[Round "4.17"]
[White "Mastrovasilis, Dimitrios"]
[Black "Inarkiev, Ernesto"]
[Result "1-0"]
[WhiteElo "2584"]
[BlackElo "2674"]
[EventDate "2011.03.22"]
[PlyCount "109"]

1.e4 e5 2.Nf3 Nc6 3.Bb5 a6 4.Ba4 Nf6 5.O-O Be7 6.Re1 b5 7.Bb3 d6 8.c3 O-O 
9.h3 Re8 10.Ng5 Rf8 11.Nf3 Re8 12.d4 Bb7 13.Ng5 Rf8 14.Nf3 Re8 15.Nbd2 Bf8
16.a3 h6 17.Ba2 Nb8 18.d5 c6 19.dxc6 Bxc6 20.Nh2 Nbd7 21.Qf3 Qc7 22.Ndf1 
Nc5 23.Ng3 d5 24.Ng4 Ncxe4 25.Nxe4 Nxe4 26.Bxh6 Re6 27.Be3 Rae8 28.Rad1 
Rd6 29.Qe2 f5 30.Bc1 Qd7 31.f3 Ng3 32.Qf2 fxg4 33.fxg4 Ne4 34.Rxe4 Rf6 35.
Qg3 Qf7 36.Ree1 e4 37.g5 Rf5 38.Rf1 Re6 39.Rxf5 Qxf5 40.Rf1 Qg6 41.Be3 Bd6
42.Qg4 Qe8 43.Rf5 Re5 44.g6 Rxf5 45.Qxf5 Qe5 46.Qc8+ Be8 47.Bf4 Qxf4 48.
Qxe8+ Bf8 49.Bxd5+ Kh8 50.Bxe4 a5 51.b4 axb4 52.cxb4 Kg8 53.Bd3 Qd6 54.Kh1
Qf4 55.Qxb5 1-0